[Event "Olympiad Women-31"]
[Site "Moscow"]
[Date "1994.12.15"]
[Round "13"]
[White "Tazhieva, Lyazzat"]
[Black "Sheremetieva, Marina"]
[Result "1-0"]
[WhiteElo "2250"]
[BlackElo "2285"]
[PlyCount "69"]
[EventDate "1994.12.01"]
[EventType "team-swiss"]
[EventRounds "14"]
[EventCountry "RUS"]
[SourceTitle "EXT 2019"]
[Source "ChessBase"]
[SourceDate "2018.10.10"]
[SourceVersion "1"]
[SourceVersionDate "2018.10.10"]
[SourceQuality "1"]
[WhiteTeam "Kazakhstan (W)"]
[BlackTeam "Moldova (W)"]
[WhiteTeamCountry "KAZ"]
[BlackTeamCountry "MDA"]

1. d4 d5 2. Nf3 Nf6 3. c4 c6 4. Nc3 a6 5. a4 e6 6. Bg5 h6 7. Bxf6 Qxf6 8. g3 Nd7 9. Bg2 Bb4 10. 0-0 Bxc3 11. bxc3 dxc4 12. a5 e5 13. Qa4 Qe6 14. e4 0-0 15. Rfe1 Rb8 16. Rad1 c5 17. d5 Qd6 18. Qxc4 b5 19. axb6 Nxb6 20. Qa2 c4 21. Rb1 Re8 22. Qa5 f5 23. Nd2 Kh8 24. Rb4 Bd7 25. Qxa6 Qc5 26. Reb1 Bc8 27. Qb5 Qe7 28. Qa5 Qg5 29. Nf3 Qd8 30. Rxb6 fxe4 31. Nh4 Rxb6 32. Qxb6 Qxd5 33. Qg6 Qg8 34. Bxe4 Re6 35. Rb8 1-0

[Event "Olympiad Women-31"]
[Site "Moscow"]
[Date "1994.12.09"]
[Round "8"]
[White "Xie, Jun"]
[Black "Tazhieva, Lyazzat"]
[Result "1-0"]
[WhiteElo "2515"]
[BlackElo "2250"]
[PlyCount "51"]
[EventDate "1994.12.01"]
[EventType "team-swiss"]
[EventRounds "14"]
[EventCountry "RUS"]
[SourceTitle "EXT 2019"]
[Source "ChessBase"]
[SourceDate "2018.10.10"]
[SourceVersion "1"]
[SourceVersionDate "2018.10.10"]
[SourceQuality "1"]
[WhiteTeam "China (W)"]
[BlackTeam "Kazakhstan (W)"]
[WhiteTeamCountry "CHN"]
[BlackTeamCountry "KAZ"]

1. e4 c5 2. Nf3 d6 3. d4 Nf6 4. Nc3 cxd4 5. Nxd4 a6 6. Be3 e5 7. Nf3 Qc7 8. a4 b6 9. Bd3 Nbd7 10. 0-0 Bb7 11. Nh4 g6 12. Kh1 Bg7 13. f4 0-0 14. Nf3 Ng4 15. Bd2 exf4 16. Bxf4 Nge5 17. Qd2 Rfe8 18. Bh6 Bh8 19. Qf4 Nc5 20. Nxe5 Bxe5 21. Qf2 Ne6 22. Bc4 Bxc3 23. bxc3 Bxe4 24. Rad1 Qxc4 25. Qxf7+ Kh8 26. Bg7+ 1-0

[Event "Olympiad Women-31"]
[Site "Moscow"]
[Date "1994.12.03"]
[Round "3"]
[White "Tazhieva, Lyazzat"]
[Black "Sabirova, Olga"]
[Result "1/2-1/2"]
[WhiteElo "2250"]
[BlackElo "2135"]
[PlyCount "87"]
[EventDate "1994.12.01"]
[EventType "team-swiss"]
[EventRounds "14"]
[EventCountry "RUS"]
[SourceTitle "EXT 2019"]
[Source "ChessBase"]
[SourceDate "2018.10.10"]
[SourceVersion "1"]
[SourceVersionDate "2018.10.10"]
[SourceQuality "1"]
[WhiteTeam "Kazakhstan (W)"]
[BlackTeam "Uzbekistan (W)"]
[WhiteTeamCountry "KAZ"]
[BlackTeamCountry "UZB"]

1. d4 Nf6 2. Nf3 g6 3. c4 Bg7 4. Nc3 d6 5. e4 0-0 6. Be2 e5 7. 0-0 Nc6 8. d5 Ne7 9. Ne1 Ne8 10. Nd3 f5 11. Bd2 f4 12. c5 Nf6 13. a4 Rf7 14. h3 Bf8 15. cxd6 cxd6 16. Qc2 g5 17. f3 Kh8 18. Nb5 Neg8 19. Rfc1 Ne8 20. Nf2 a6 21. Nc3 Rc7 22. a5 Bd7 23. Qb3 Rac8 24. Qb4 Nef6 25. Na4 Rxc1+ 26. Rxc1 Rxc1+ 27. Bxc1 Qc7 28. Bd2 Bxa4 29. Qxa4 Nd7 30. Qc4 Qxc4 31. Bxc4 Ngf6 32. Nd1 Kg7 33. Nc3 Kf7 34. g3 Be7 35. b4 Ke8 36. h4 h6 37. Kg2 Nh5 38. hxg5 hxg5 39. Ne2 Kd8 40. Kh3 Nhf6 41. gxf4 gxf4 42. Be1 Nf8 43. Bf2 N8d7 44. Kg2 1/2-1/2

[Event "Olympiad Women-31"]
[Site "Moscow"]
[Date "1994.12.01"]
[Round "1"]
[White "Geldyeva, Mekhri"]
[Black "Tazhieva, Lyazzat"]
[Result "0-1"]
[WhiteElo "2115"]
[BlackElo "2250"]
[PlyCount "46"]
[EventDate "1994.12.01"]
[EventType "team-swiss"]
[EventRounds "14"]
[EventCountry "RUS"]
[SourceTitle "EXT 2019"]
[Source "ChessBase"]
[SourceDate "2018.10.10"]
[SourceVersion "1"]
[SourceVersionDate "2018.10.10"]
[SourceQuality "1"]
[WhiteTeam "Turkmenistan (W)"]
[BlackTeam "Kazakhstan (W)"]
[WhiteTeamCountry "TKM"]
[BlackTeamCountry "KAZ"]

1. d4 Nf6 2. Nf3 e6 3. Bg5 c5 4. c3 Be7 5. Nbd2 b6 6. e4 cxd4 7. e5 dxc3 8. bxc3 Nd5 9. Ne4 0-0 10. c4 Nc7 11. Bd3 Nc6 12. h4 f6 13. exf6 gxf6 14. Bh6 Rf7 15. Rh3 d5 16. Rg3+ Kh8 17. Nc3 Bd6 18. Ng5 fxg5 19. Qh5 Qf6 20. Nd1 Bxg3 21. fxg3 Nb4 22. Bxg5 Nxd3+ 23. Kd2 Qg6 0-1

[Event "Olympiad Women-30"]
[Site "Manila"]
[Date "1992.06.08"]
[Round "1"]
[White "Tazhieva, Lyazzat"]
[Black "Agababean, Naira"]
[Result "1-0"]
[WhiteElo "2190"]
[BlackElo "2125"]
[PlyCount "167"]
[EventDate "1992.06.07"]
[EventType "team-swiss"]
[EventRounds "14"]
[EventCountry "PHI"]
[SourceTitle "EXT 2019"]
[Source "ChessBase"]
[SourceDate "2018.10.10"]
[SourceVersion "1"]
[SourceVersionDate "2018.10.10"]
[SourceQuality "1"]
[WhiteTeam "Kazakhstan (W)"]
[BlackTeam "Moldova (W)"]
[WhiteTeamCountry "KAZ"]
[BlackTeamCountry "MDA"]

1. d4 Nf6 2. Nf3 d6 3. c4 g6 4. Nc3 Bg7 5. e4 0-0 6. Be2 e5 7. 0-0 Nc6 8. d5 Ne7 9. Nd2 Ne8 10. b4 f5 11. a4 f4 12. c5 g5 13. Nc4 Ng6 14. Bg4 Bxg4 15. Qxg4 Rf7 16. Qd1 Bf8 17. Ba3 Qf6 18. Rc1 Nh4 19. f3 h5 20. Rc2 Rg7 21. g3 Ng6 22. Rg2 b6 23. cxb6 cxb6 24. Qd3 Rc8 25. Bb2 Rf7 26. a5 bxa5 27. Nxa5 fxg3 28. hxg3 h4 29. Ne2 Ng7 30. g4 Qd8 31. Nc6 Qb6+ 32. Kh1 Ne7 33. b5 a6 34. Bc1 axb5 35. Be3 Qb7 36. Na7 Rc4 37. Nc3 Ng6 38. Naxb5 Rb4 39. Bxg5 Qa6 40. Ra2 Qc8 41. Rfa1 Nf4 42. Bxf4 Rxf4 43. Ne2 Rf7 44. Ra8 Qc5 45. Nec3 Rb2 46. R8a2 Qf2 47. Rxb2 Qxb2 48. Ra2 Qc1+ 49. Nd1 Rb7 50. Nbc3 Rb3 51. Rc2 Qa1 52. Kg2 Be7 53. Qd2 Qa6 54. Ra2 Qc4 55. Ra4 Qc5 56. Qc2 h3+ 57. Kh1 Rb8 58. Qf2 Qc8 59. Qd2 Kf7 60. Ra7 Qc5 61. Qe3 Qd4 62. Ra4 Qxe3 63. Nxe3 Rb3 64. Ned1 Bg5 65. Kh2 Bf4+ 66. Kxh3 Ne8 67. Ra7+ Kf8 68. Ra2 Nf6 69. Kg2 Bc1 70. Ne2 Ba3 71. Nf2 Bc5 72. Nh3 Nh7 73. Ng3 Kg8 74. Nf5 Ba3 75. Kg3 Kf7 76. g5 Nf8 77. Rxa3 Rxa3 78. Nxd6+ Kg7 79. Nc4 Rb3 80. Nxe5 Ng6 81. Nxg6 Kxg6 82. Kg4 Rb1 83. Nf4+ Kg7 84. d6 1-0

[Event "URS-ch (Women)"]
[Site "Podolsk"]
[Date "1990.??.??"]
[Round "8"]
[White "Semenova, Lidia K"]
[Black "Tazhieva, Lyazzat"]
[Result "0-1"]
[WhiteElo "2350"]
[BlackElo "2200"]
[PlyCount "94"]
[EventDate "1990.??.??"]
[EventType "tourn"]
[EventRounds "17"]
[EventCountry "URS"]
[SourceTitle "TD"]
[Source "ChessBase"]
[SourceDate "1994.03.01"]
[SourceVersion "1"]
[SourceVersionDate "1994.03.01"]
[SourceQuality "1"]

1. c4 Nf6 2. g3 e6 3. Bg2 d5 4. d4 Be7 5. Nf3 0-0 6. 0-0 dxc4 7. Qc2 a6 8. a4 a5 9. Nbd2 Nc6 10. Qxc4 Qd5 11. Qxd5 exd5 12. Nb3 Bd6 13. Bf4 Bxf4 14. gxf4 Re8 15. Ne5 Nb4 16. Rfc1 c6 17. Rc5 Na6 18. Rc3 Nb4 19. Nc5 Re7 20. e3 Ne8 21. Re1 Bf5 22. f3 f6 23. e4 b6 24. Nb3 fxe5 25. exf5 exd4 26. Rxe7 dxc3 27. bxc3 Nd3 28. Rb7 b5 29. Bf1 bxa4 30. Bxd3 axb3 31. Rxb3 Nd6 32. Kf2 Kf7 33. Ke3 a4 34. Ra3 c5 35. Kf2 c4 36. Bc2 Nb5 37. Rxa4 Rxa4 38. Bxa4 Nxc3 39. Bd7 Ke7 40. Be6 Kd6 41. h4 Kc5 42. h5 h6 43. Ke3 d4+ 44. Kd2 Nd5 45. Bd7 Nxf4 46. Kc2 d3+ 47. Kc3 Ne2+ 0-1

[Event "URS-ch (Women)"]
[Site "Podolsk"]
[Date "1990.??.??"]
[Round "15"]
[White "Tazhieva, Lyazzat"]
[Black "Borulya, Ekaterina"]
[Result "0-1"]
[WhiteElo "2200"]
[BlackElo "2100"]
[PlyCount "62"]
[EventDate "1990.??.??"]
[EventType "tourn"]
[EventRounds "17"]
[EventCountry "URS"]
[SourceTitle "TD"]
[Source "ChessBase"]
[SourceDate "1994.03.01"]
[SourceVersion "1"]
[SourceVersionDate "1994.03.01"]
[SourceQuality "1"]

1. d4 Nf6 2. Nf3 c5 3. c4 cxd4 4. Nxd4 e5 5. Nb5 d5 6. cxd5 Bc5 7. e3 0-0 8. N5c3 e4 9. Be2 Bf5 10. a3 a5 11. Nd2 Qe7 12. g4 Bg6 13. h4 h6 14. b3 Rd8 15. Bc4 Nbd7 16. Bb2 Ne5 17. h5 Bh7 18. Rg1 b5 19. Bxb5 Nxd5 20. Qe2 Nxe3 21. Ndxe4 Nc2+ 22. Kf1 Nxa1 23. Nxc5 Qxc5 24. Bxa1 Qxa3 25. Bb2 Qxb3 26. g5 Bd3 27. Bxd3 Nxd3 28. Ba1 Nf4 29. Qe4 Rd1+ 30. Nxd1 Qxd1+ 31. Qe1 Qd3+ 0-1

[Event "URS-ch (Women)"]
[Site "Podolsk"]
[Date "1990.??.??"]
[Round "11"]
[White "Tazhieva, Lyazzat"]
[Black "Demina, Julia"]
[Result "1/2-1/2"]
[WhiteElo "2200"]
[BlackElo "2330"]
[PlyCount "30"]
[EventDate "1990.??.??"]
[EventType "tourn"]
[EventRounds "17"]
[EventCountry "URS"]
[SourceTitle "TD"]
[Source "ChessBase"]
[SourceDate "1994.03.01"]
[SourceVersion "1"]
[SourceVersionDate "1994.03.01"]
[SourceQuality "1"]

1. d4 Nf6 2. Nf3 e6 3. g3 d5 4. Bg2 Be7 5. 0-0 0-0 6. c4 c6 7. Nc3 Nbd7 8. b3 b6 9. Bb2 a5 10. Ne5 Bb7 11. e4 Nxe5 12. dxe5 Nxe4 13. Nxe4 dxe4 14. Bxe4 Qc7 15. Qh5 g6 1/2-1/2

[Event "URS-ch (Women)"]
[Site "Podolsk"]
[Date "1990.??.??"]
[Round "5"]
[White "Tazhieva, Lyazzat"]
[Black "Janjgava, Natia"]
[Result "1-0"]
[WhiteElo "2200"]
[BlackElo "2145"]
[PlyCount "43"]
[EventDate "1990.??.??"]
[EventType "tourn"]
[EventRounds "17"]
[EventCountry "URS"]
[SourceTitle "TD"]
[Source "ChessBase"]
[SourceDate "1994.03.01"]
[SourceVersion "1"]
[SourceVersionDate "1994.03.01"]
[SourceQuality "1"]

1. Nf3 Nf6 2. c4 g6 3. Nc3 Bg7 4. e4 d6 5. d4 0-0 6. Be2 e5 7. 0-0 Nc6 8. Be3 exd4 9. Nxd4 Re8 10. f3 a5 11. Qd2 a4 12. Rad1 Ne5 13. Ndb5 Bd7 14. Bg5 Bxb5 15. cxb5 b6 16. f4 Ned7 17. e5 dxe5 18. fxe5 Nxe5 19. Qxd8 Raxd8 20. Bxf6 Rxd1 21. Bxd1 Bxf6 22. Rxf6 1-0

[Event "URS-ch (Women)"]
[Site "Podolsk"]
[Date "1990.??.??"]
[Round "13"]
[White "Tazhieva, Lyazzat"]
[Black "Stepovaia, Tatiana"]
[Result "0-1"]
[WhiteElo "2200"]
[BlackElo "2290"]
[PlyCount "86"]
[EventDate "1990.??.??"]
[EventType "tourn"]
[EventRounds "17"]
[EventCountry "URS"]
[SourceTitle "TD"]
[Source "ChessBase"]
[SourceDate "1994.03.01"]
[SourceVersion "1"]
[SourceVersionDate "1994.03.01"]
[SourceQuality "1"]

1. d4 d6 2. Nf3 Nd7 3. c4 e5 4. Nc3 Ngf6 5. e4 Be7 6. Be2 c6 7. 0-0 0-0 8. Re1 Qc7 9. h3 Re8 10. Bf1 Bf8 11. Be3 a6 12. Rc1 g6 13. c5 dxc5 14. dxe5 Nxe5 15. Nxe5 Qxe5 16. f4 Qc7 17. Qf3 Be6 18. g4 Nd7 19. Rc2 Rad8 20. h4 b5 21. b3 a5 22. h5 Bd6 23. Rf2 a4 24. bxa4 Qa5 25. Rc1 b4 26. Nd1 Qxa4 27. Nb2 Qa7 28. Nc4 Bf8 29. g5 Qc7 30. Rh2 Bg7 31. e5 Bf5 32. Nd6 Nxe5 33. fxe5 Bxe5 34. Nxf5 Bxh2+ 35. Kf2 gxf5 36. Rxc5 f4 37. Bc1 Qa7 38. g6 Qxc5+ 39. Kg2 Qg1+ 40. Kh3 hxg6 41. hxg6 Qg3+ 42. Qxg3 Bxg3 43. Bc4 Rd5 0-1

[Event "URS-ch (Women)"]
[Site "Podolsk"]
[Date "1990.??.??"]
[Round "7"]
[White "Tazhieva, Lyazzat"]
[Black "Tsiganova, Monika"]
[Result "1/2-1/2"]
[WhiteElo "2200"]
[BlackElo "2175"]
[PlyCount "92"]
[EventDate "1990.??.??"]
[EventType "tourn"]
[EventRounds "17"]
[EventCountry "URS"]
[SourceTitle "TD"]
[Source "ChessBase"]
[SourceDate "1994.03.01"]
[SourceVersion "1"]
[SourceVersionDate "1994.03.01"]
[SourceQuality "1"]

1. Nf3 Nf6 2. c4 c5 3. g3 b6 4. Bg2 Bb7 5. 0-0 e6 6. Nc3 Be7 7. d4 cxd4 8. Qxd4 d6 9. Rd1 Nbd7 10. b3 0-0 11. e4 a6 12. Ba3 Nc5 13. e5 dxe5 14. Qxd8 Rfxd8 15. Nxe5 Bxg2 16. Kxg2 Bf8 17. Bxc5 Bxc5 18. Na4 Kf8 19. Rab1 a5 20. Nc6 Rdc8 21. Nd4 Ke7 22. Rd3 Rab8 23. Nb5 Rb7 24. a3 Rd7 25. Rxd7+ Nxd7 26. b4 axb4 27. axb4 Ra8 28. bxc5 Rxa4 29. c6 Nf6 30. Rc1 Ra8 31. Rd1 Rc8 32. Rd6 e5 33. c7 Ne8 34. Rxb6 Nxc7 35. Rb7 Kd7 36. g4 Kc6 37. Rxc7+ Rxc7 38. Nxc7 Kxc7 39. Kf3 Kd6 40. Ke4 f6 41. Kf5 Kc5 42. Ke6 Kxc4 43. Kf7 Kd3 44. Kxg7 Ke2 45. Kxf6 Kxf2 46. Kxe5 Kg2 1/2-1/2